000 00340nam a2200133Ia 4500
008 131103s9999 xx 000 0 und d
040 _aLoreto College
041 _aEnglish
082 _a341/CAL
_bLCLIB/44418
245 _aCalcutta law times
_b 2005 Vol III, November, Part III
650 _aLaw
850 _aLCLIB/341/CAL
942 _cBK
999 _c11121
_d61600